NBA champions and runner ups - Statistics

General Stats
  • This quiz has been taken 106 times
    75 since last reset
  • The average score is 141 of 150
Answer Stats
Year NBA Champ % Correct
1975 | 2015 | 2016 | +3 others Golden State Warriors
100%
1962 | 1963 | 1965 | +23 others Los Angeles Lakers
100%
2006 | 2011 | 2012 | +3 others Miami Heat
100%
1949 | 1950 | 1952 | +3 others Minneapolis Lakers
100%
2019 Toronto Raptors
100%
1957 | 1958 | 1959 | +18 others Boston Celtics
98%
1991 | 1992 | 1993 | +3 others Chicago Bulls
98%
2007 | 2015 | 2016 | +2 others Cleveland Cavaliers
98%
1971 | 1974 | 2021 Milwaukee Bucks
98%
1947 | 1948 | 1956 Philadelphia Warriors
98%
1976 | 1993 | 2021 Phoenix Suns
98%
1964 | 1967 San Francisco Warriors
98%
2006 | 2011 Dallas Mavericks
96%
1988 | 1989 | 1990 | +2 others Detroit Pistons
96%
1951 | 1952 | 1953 | +5 others New York Knicks
96%
1999 | 2003 | 2005 | +3 others San Antonio Spurs
96%
1955 | 1956 Fort Wayne Pistons
94%
1981 | 1986 | 1994 | 1995 Houston Rockets
92%
1995 | 2009 Orlando Magic
92%
1967 | 1977 | 1980 | +3 others Philadelphia 76ers
92%
2012 Oklahoma City Thunder
90%
1977 | 1990 | 1992 Portland Trailblazers
90%
1997 | 1998 Utah Jazz
90%
2002 | 2003 New Jersey Nets
86%
1957 | 1958 | 1960 | 1961 St Louis Hawks
86%
2000 Indiana Pacers
84%
1978 | 1979 | 1996 Seattle Supersonics
82%
1948 | 1971 Baltimore Bullets
80%
1975 | 1978 | 1979 Washington Bullets
80%
1951 Rochester Royals
58%
1950 | 1954 | 1955 Syracuse Nationals
50%
1947 Chicago Stags
24%
1949 Washington Capitols
18%
No matching quizzes found
Score Distribution
Percent of People with Each Score
Percentile by Number Answered
Your Score History
You have not taken this quiz since the last reset